000
00210 a2200097 4500
001
36595
100
_a
Harkavy R
245
_a
Bases abroad
260
_a
USA
_b
Oxford university press
_c
090
_c
23651
_d
23651
942
_a
NUST-CAE
_c
M
_c
15171
999
_c
271668
_d
271668